000 00310nam a22001337a 4500
008 171009b xxu||||| |||| 00| 0 eng d
020 _a9780671708634
041 _aeng
080 _a159.9
100 _a49
101 _aPSI
245 _aTHE 7 HABITS OF HIGHLY EFFECTIVE PEOPLE
_cCOVEY.S,R
942 _2udc
_cBK
999 _c32624
_d32624